[Event "Prague (CZE)-Dresden (GER I)"]
[Site "?"]
[Date "2009.06.07"]
[Round "7.3"]
[White "Kössler, Wolfgang"]
[Black "Petran, Tomas"]
[Result "1-0"]
[WhiteElo "1900"]
[BlackElo "1900"]
[PlyCount "31"]
[EventDate "2009.06.13"]

1. e4 d5 2. exd5 Qxd5 3. Nc3 Qd8 4. d4 c6 5. Bc4 Bf5 6. Nf3 e6 7. Qe2 Be7 8.
Bb3 Nf6 9. Bd2 Nbd7 10. O-O-O b5 11. Ne5 Rc8 12. g4 Bg6 13. h4 b4 14. Na4 h6
15. Nxg6 fxg6 16. Qxe6 1-0

[Event "Prague (CZE)-Dresden (GER I)"]
[Site "?"]
[Date "2009.06.07"]
[Round "7.4"]
[White "Ryvova, Anna"]
[Black "Krause, Stefan"]
[Result "1/2-1/2"]
[WhiteElo "1994"]
[BlackElo "1900"]
[PlyCount "83"]
[EventDate "2009.06.13"]

1. e4 c5 2. Nf3 Nc6 3. Bb5 g6 4. O-O Bg7 5. c3 Nf6 6. e5 Nd5 7. d4 cxd4 8. cxd4
O-O 9. Nc3 Nxc3 10. bxc3 d6 11. Bf4 dxe5 12. Nxe5 Nxe5 13. Bxe5 Bxe5 14. dxe5
Qa5 15. Qb3 a6 16. Bc4 Qxe5 17. Rfe1 Qc5 18. Rad1 e6 19. Qb4 Qxb4 20. cxb4 b5
21. Bb3 Bb7 22. Rd7 Bc6 23. Rd6 Rfc8 24. h4 h5 25. Rc1 Bb7 26. Rxc8+ Rxc8 27.
Rb6 Rc7 28. a4 bxa4 29. Bxa4 Kg7 30. Kh2 Kf6 31. Bd1 Ke5 32. Be2 Kd4 33. Bxa6
Bxa6 34. Rxa6 Rb7 35. Rc6 Kd5 36. Rc5+ Kd6 37. Rc4 Rb5 38. Kg3 f6 39. f3 e5 40.
Rc8 Ke6 41. Rc6+ Ke7 42. Rc7+ 1/2-1/2

[Event "Otwock (POL)-Hlohovec (SVK)"]
[Site "?"]
[Date "2009.06.07"]
[Round "7.1"]
[White "Frajka, Peter"]
[Black "Checiak, Krysztof"]
[Result "0-1"]
[WhiteElo "1866"]
[BlackElo "2111"]
[PlyCount "74"]
[EventDate "2009.06.13"]

1. d4 Nf6 2. c4 g6 3. Nc3 Bg7 4. e4 d6 5. f3 O-O 6. Be3 Re8 7. Qd2 c6 8. Bd3 a6
9. Nge2 e5 10. d5 Nbd7 11. g4 Nf8 12. Ng3 Re7 13. h4 cxd5 14. exd5 b5 15. cxb5
axb5 16. Bxb5 Ba6 17. Bxa6 Rxa6 18. Nge4 Rb7 19. Kf2 Qb8 20. b3 N6d7 21. h5 f5
22. gxf5 gxf5 23. Qd3 Qa8 24. Ng5 e4 25. fxe4 Bxc3 26. Qxc3 Rxa2+ 27. Kg3 fxe4
28. Ne6 Ne5 29. Rxa2 Qxa2 30. Rf1 Nf3 31. Rxf3 exf3 32. Bd2 f2 33. Kxf2 Rf7+
34. Kg3 Qb1 35. Qe3 Nxe6 36. dxe6 Rg7+ 37. Kh2 Qf5 0-1

[Event "Otwock (POL)-Hlohovec (SVK)"]
[Site "?"]
[Date "2009.06.07"]
[Round "7.2"]
[White "Strzelecki, Jerzy"]
[Black "Sturc, Miloslav"]
[Result "1-0"]
[WhiteElo "2180"]
[BlackElo "1900"]
[PlyCount "117"]
[EventDate "2009.06.13"]

1. Nf3 Nf6 2. c4 c5 3. Nc3 Nc6 4. d4 d5 5. e3 e6 6. Be2 Be7 7. O-O O-O 8. b3 b6
9. Bb2 Bb7 10. cxd5 Nxd5 11. Nxd5 Qxd5 12. dxc5 Qxd1 13. Rfxd1 Bxc5 14. Rd7 Nd8
15. Ne5 f6 16. Nc4 Bc6 17. Rd2 Nf7 18. Bc3 Rad8 19. Rad1 Rxd2 20. Rxd2 Rd8 21.
b4 Rxd2 22. Bxd2 Be7 23. f3 Bb5 24. Kf2 Nd8 25. a3 Nc6 26. h3 Kf7 27. Ne5+ Nxe5
28. Bxb5 Kf8 29. Ke2 Bd6 30. f4 Ng6 31. Kd3 Ke7 32. Bc6 Nf8 33. Kc4 Nd7 34. a4
Kd8 35. g4 h6 36. Be4 Kc7 37. Bh7 e5 38. Kd5 Nf8 39. Bd3 exf4 40. exf4 Kd7 41.
h4 Bc7 42. Bf5+ Ke7 43. Kc6 Bd8 44. Be3 Ne6 45. h5 Nc7 46. Bd3 Ne8 47. Kb7 Nc7
48. Bc4 Kd6 49. Kxa7 Nd5 50. Bxd5 Kxd5 51. Bxb6 Bxb6+ 52. Kxb6 Ke4 53. f5 Kf4
54. a5 Kxg4 55. a6 Kxh5 56. a7 Kg5 57. a8=Q Kxf5 58. Kc5 Kg4 59. Qg2+ 1-0

[Event "Otwock (POL)-Hlohovec (SVK)"]
[Site "?"]
[Date "2009.06.07"]
[Round "7.3"]
[White "Jaros, Jozef"]
[Black "Chojnowski, Marcin"]
[Result "0-1"]
[WhiteElo "1900"]
[BlackElo "2130"]
[PlyCount "42"]
[EventDate "2009.06.13"]

1. d4 Nf6 2. Nf3 g6 3. c4 Bg7 4. Nc3 O-O 5. e4 d6 6. Be2 e5 7. O-O Nc6 8. d5
Ne7 9. Nd2 Ne8 10. Rb1 f5 11. f3 f4 12. g4 h5 13. h3 Bf6 14. b4 Kg7 15. Nb3 Rh8
16. Kg2 Bh4 17. Bd2 Ng8 18. Be1 Bg3 19. Bf2 Bxf2 20. Rxf2 Qh4 21. Qh1 hxg4 0-1

[Event "Otwock (POL)-Hlohovec (SVK)"]
[Site "?"]
[Date "2009.06.07"]
[Round "7.4"]
[White "Marczukiewicz, Jerzy"]
[Black "Lancaric, Vladimir"]
[Result "1-0"]
[WhiteElo "2001"]
[BlackElo "1900"]
[PlyCount "159"]
[EventDate "2009.06.13"]

1. d4 Nf6 2. Nf3 d6 3. c4 c6 4. Nc3 g6 5. e4 Nbd7 6. Be2 Qc7 7. O-O Bg7 8. Re1
O-O 9. Bf1 e5 10. d5 c5 11. Rb1 a6 12. a3 Rb8 13. Bg5 h6 14. Bc1 Nh7 15. Bd3
Nb6 16. Nd2 f5 17. b4 f4 18. bxc5 Qxc5 19. Qb3 Nd7 20. Be2 Qc7 21. a4 Nc5 22.
Qb6 Qe7 23. Ba3 Rf7 24. f3 Bf8 25. Nb3 Bd7 26. Bxc5 dxc5 27. Na5 Bc8 28. Nc6
Qg5 29. Nxb8 h5 30. Bf1 h4 31. d6 Nf6 32. d7 Nxd7 33. Nxd7 Bxd7 34. Qxb7 h3 35.
Qb2 Rh7 36. Kh1 hxg2+ 37. Qxg2 Qh5 38. a5 Be7 39. Rb8+ Kf7 40. Rb7 Ke8 41. Rd1
Bh4 42. Rbxd7 Rxd7 43. Rxd7 Kxd7 44. Qg4+ Qxg4 45. fxg4 Be1 46. Nd5 Bxa5 47. h4
Bd8 48. h5 gxh5 49. gxh5 Bg5 50. Kg2 a5 51. Nc3 Ke6 52. Kf3 Bh6 53. Bh3+ Kf6
54. Kg4 Ke6 55. Bf1 Kf6 56. Be2 Ke6 57. Bd1 Kf6 58. Ba4 Ke6 59. Nd5 Bg7 60. Kg5
f3 61. Ne3 f2 62. Nf1 Kf7 63. Kf5 Bf6 64. h6 Bh8 65. Kg4 Kg6 66. Kg3 Kxh6 67.
Kxf2 Kg5 68. Nd2 Kf4 69. Bc6 Bf6 70. Ke2 Be7 71. Kd3 Bf8 72. Nb3 Be7 73. Nxa5
Bd6 74. Nb7 Be7 75. Bd5 Kg5 76. Kc3 Kg6 77. Kb3 Kg7 78. Ka4 Kf8 79. Kb5 Ke8 80.
Bc6+ 1-0

[Event "Helsingborg (SWE)-Sofia (BUL)"]
[Site "?"]
[Date "2009.06.07"]
[Round "7.1"]
[White "Georgiev, Veselin"]
[Black "Borg, Peter"]
[Result "1-0"]
[WhiteElo "2360"]
[BlackElo "1900"]
[PlyCount "61"]
[EventDate "2009.06.13"]

1. e4 c5 2. Nc3 e5 3. g3 d6 4. Bg2 Nc6 5. d3 Be7 6. Nge2 Bd7 7. Be3 Nf6 8. h3
h6 9. Qd2 a6 10. O-O Qc7 11. a3 O-O-O 12. b4 Nd4 13. f4 Bc6 14. Nd5 Bxd5 15.
exd5 Kb8 16. Rab1 Rc8 17. bxc5 Qxc5 18. fxe5 Nxe2+ 19. Qxe2 Qxc2 20. Qxc2 Rxc2
21. exf6 Bxf6 22. Bf4 Bd4+ 23. Kh1 Bc5 24. d4 Bxa3 25. Rb3 Bb2 26. Rb1 Rd8 27.
R1xb2 Rxb2 28. Rxb2 b5 29. Rc2 g5 30. Bd2 Kb7 31. Rc6 1-0

[Event "Helsingborg (SWE)-Sofia (BUL)"]
[Site "?"]
[Date "2009.06.07"]
[Round "7.2"]
[White "Korenkiewicz, Jaroslav"]
[Black "Ninov, Nikolay"]
[Result "0-1"]
[WhiteElo "1900"]
[BlackElo "1900"]
[PlyCount "50"]
[EventDate "2009.06.13"]

1. e4 d5 2. exd5 Qxd5 3. Nc3 Qa5 4. Qf3 c6 5. a3 Nf6 6. h3 Bf5 7. Bd3 Bxd3 8.
Qxd3 e6 9. b4 Bxb4 10. Ne4 Qe5 11. c3 Be7 12. f3 O-O 13. Ne2 Rd8 14. Nxf6+ Bxf6
15. Qe4 Nd7 16. Qxe5 Nxe5 17. O-O Nd3 18. Rd1 Rd7 19. g3 Rad8 20. Ra2 Nxc1 21.
Nxc1 Bxc3 22. Nb3 Bf6 23. Kf1 b6 24. Rc2 Rd3 25. Nc1 Rxf3+ 0-1

[Event "Helsingborg (SWE)-Sofia (BUL)"]
[Site "?"]
[Date "2009.06.07"]
[Round "7.3"]
[White "Ivanov, Svetoslav"]
[Black "Claesson, Mats"]
[Result "0-1"]
[WhiteElo "1900"]
[BlackElo "1900"]
[PlyCount "66"]
[EventDate "2009.06.13"]

1. e4 c5 2. Nf3 Nc6 3. d4 cxd4 4. Nxd4 d6 5. Nc3 a6 6. Bc4 e6 7. O-O Be7 8. Be3
Nf6 9. Nxc6 bxc6 10. f4 O-O 11. Qf3 Qc7 12. Bd3 Bb7 13. Qh3 e5 14. Rf3 Bc8 15.
f5 Rd8 16. Raf1 d5 17. Bg5 Qb6+ 18. Kh1 Qxb2 19. Bxf6 Bxf6 20. Ne2 Qb4 21. Ng3
h6 22. Nh5 Rd6 23. Qg3 dxe4 24. Bxe4 Qxe4 25. Rd3 Qe2 26. Re1 Qxh5 27. Rxd6 Bh4
28. Qxe5 Bxe1 29. Rd8+ Kh7 30. Qxe1 Qxf5 31. h3 Rb8 32. Rd3 Be6 33. a3 Bd5 0-1